000 00520cam a22002171 4500
001 sa 64004439
003 DLC
005 20260227112024.0
008 890927s1963 ii 000 0 telo
010 _asa 64004439
035 _a(OCoLC)20402851
040 _aDLC
_cWaU
_dDLC
042 _apremarc
050 0 0 _aPK3797
_b.B3
100 1 _aBālasundaraśāstri, Civukula.
245 0 0 _aKāḷidāsa darśanaṃ.
260 _c[1963]
300 _a307 p.
_c19 cm.
500 _aIn Telugu.
600 0 0 _aKālidāsa.
999 _c58497
_d58497